00583nam a22001577a 450000500170000001000150001702000310003203500140006303700130007708200110009010000190010124501270012026000990024730000200034670000590036620190723164244.0 aENG-126055 a9789386761422c1995.00(hb) aEN-109587 bDBAD/PUB a547.05 aSingh,Devender aComprehensive Coordination And Organometallic Chemistry/cedited by Devender Singh, Raman Kumar Saini,Shri Bhagwan,Kuldeep a4821, Parwana Bhawan,1st Floor,24 Ansari Road, Darya Ganj, New DelhibAne Books Pvt.Ltd.c2018 a413p.c24cm(hb) aDevender Singh,Raman Kumar Saini Shri Bhagwan, Kuldeep